000 00729nam a2200289Ia 4500
005 20260324125937.0
008 008 260324s9999 xx 000 0 eng d
020 _a9780203929315
037 _aEBOOK
040 _aCRL
040 _beng
040 _cCRL
041 _2eng
041 _aeng
084 _qCRL
100 _aJanet MacGregor
_91179932
245 0 _aIntroduction to the Anatomy and Physiology of Children
245 2 _bA Guide for Students of Nursing, Child Care and Health
260 _bTaylor and Francis
260 _c2008
365 _a
365 _b280
856 _uhttp://www.taylorfrancis.com/books/9780203929315
942 _cEBOOK
999 _c1775616
_d1775616